000 00427nam a2200169 a 4500
001 0000-8850
003 ELIB.Books
008 110520 1956
035 _a(ELIB.Books)0000-8996
082 _aFic
_bLew
100 _aLewis, C. S.
245 _aTill We Have Faces
260 _bGrand Rapids: Wm. B. Eerdmans Publishing Co.
_c1956
650 _aFiction
942 _2ddc
_cBK
998 _cbat
_e2011-05-20
999 _c8850
_d8850